Science Quiz

Random Science or Animal Quiz

Blitz: Animal, Vegetable or Mineral? (B) Quiz Stats

 Plays Quiz not verified by Sporcle

Challenge
Share
Tweet
Embed
Score 0/20 Timer 01:30
0 Plays Today
Word Answer % Correct
Basalt???
74.4%
Belladonna???
68.8%
Bitumen???
66.6%
Biotite???
66.3%
Beryl???
63.8%
Bougainvillea???
62.6%
Baobab???
59.3%
Basenji???
59.3%
Brumby???
57.9%
Bulghur???
57.6%
Word Answer % Correct
Banyan???
56.5%
Buckeye???
53.9%
Burbot???
50.6%
Bunting???
49.4%
Betel???
45.2%
Bodhi???
43%
Bryozoan???
42.7%
Baryonyx???
39.6%
Breccia???
34.6%
Bocaccio???
29.5%

You're not logged in!

Compare scores with friends on all Sporcle quizzes.
OR
Log In

You Might Also Like...

Show Comments

Extras

Top Quizzes Today


Score Distribution

Your Account Isn't Verified!

In order to create a playlist on Sporcle, you need to verify the email address you used during registration. Go to your Sporcle Settings to finish the process.

Report this User

Report this user for behavior that violates our Community Guidelines.

Details: